| 000 | 01040cam a22002054a 4500 | ||
|---|---|---|---|
| 005 | 20250605164048.0 | ||
| 008 | 250528s ||||||||||||||||||||||||d | ||
| 035 | _a17191 | ||
| 020 | _a72881461 | ||
| 040 |
_aGR-AtMCL _bgre _dGR-AtMCL _eAACR2 |
||
| 245 | 1 | _aPerspectives in Business Ethics / Third Edition | |
| 250 | _a3rd | ||
| 260 |
_bMcgraw Hill Book Company, _c1998 |
||
| 300 | _a802 | ||
| 520 | _aA foundation in ethical thought, followed by a variety of perspectives on difficult ethical dilemmas in both the personal and professional contexts. Ethical Theories and Approaches, Traditional Theories, Ethical Analysis and Application: Corporate and Personal Decision Making, Corporate Social Responsibility and Social Reporting, Ethics in the Business Disciplines, Ethics and Human Resources Management: Values in the Employment Relationship, Ethics and Marketing, Ethics in Finance and Accounting, Ethical Implications of Technology. | ||
| 700 | 1 |
_aHartman Laura P _91778 |
|
| 942 | _cBK | ||
| 999 |
_c2625 _d2625 |
||